00810nam a2200229Ia 4500003000400000005001700004008004100021020001500062040001800077041000800095082002300103100002300126245013400149250001200283260003900295300002600334650004500360650003700405650005800442700003900500700004100539OSt20230715115101.0210716s1989 xx 000 0 und d a0809130971 cAIMIT LIBRARY aeng a338.9009 21bMORE aMorgan, Elizabeth. aGlobal poverty and personal responsibility : bintegrity through commitment /cBy Elizabeth Morgan, Van Weigel and Eric DeBaufre. a1st ed. aNew York :bPaulist Press ,c1989. av,190p. ;bPBc20 cm. aA realistic look at moral responsibility a realistic look at world poverty aA realistic look at strategies for sustained response aWeigel, Van.eResearch Consultant. aDeBiyfrem, Eric.eResearch Assistant